[Event "GER-chT U10"]
[Site "Magdeburg"]
[Date "2019.12.28"]
[Round "5.3"]
[White "Noennig, Jakob"]
[Black "Rempe, Lennik"]
[Result "1-0"]
[WhiteElo "1153"]
[BlackElo "1167"]
[PlyCount "120"]
[EventDate "2019.12.27"]
[EventType "team-swiss"]
[EventRounds "7"]
[EventCountry "GER"]
[SourceTitle "CBM 194 Extra"]
[Source "ChessBase"]
[SourceDate "2020.03.31"]
[SourceVersion "1"]
[SourceVersionDate "2020.03.31"]
[SourceQuality "1"]
[WhiteTeam "Magdeburg Schachzwerge"]
[BlackTeam "Kiel Doppelbauer"]
[WhiteTeamCountry "GER"]
[BlackTeamCountry "GER"]

1. e4 e5 2. Nf3 Nc6 3. Bc4 Nf6 4. Ng5 d5 5. exd5 Na5 6. Bb5+ c6 7. dxc6 bxc6 8. Ba4 Be7 9. c3 0-0 10. b4 Nb7 11. Bxc6 Qc7 12. Bxb7 Qxb7 13. 0-0 Qc6 14. Re1 Bb7 15. f3 Ng4 16. Ne4 Qb6+ 17. d4 Bxe4 18. fxe4 Nf6 19. Be3 Rad8 20. d5 Qb5 21. Bxa7 Qc4 22. Qf3 Nd7 23. Nd2 Qc7 24. Bf2 Bg5 25. Be3 Bxe3+ 26. Qxe3 f5 27. Rf1 fxe4 28. Rxf8+ Rxf8 29. Nxe4 Nf6 30. Nxf6+ Rxf6 31. Re1 Rf5 32. g4 Rf6 33. Qxe5 Qb6+ 34. Qe3 Qb5 35. Qe8+ Qxe8 36. Rxe8+ Kf7 37. Rb8 Rd6 38. Rb7+ Kf6 39. c4 Ke5 40. Rxg7 Kd4 41. Rc7 Rg6 42. h3 Rd6 43. Rc6 Rd7 44. b5 Kc3 45. d6 Kb2 46. a4 Kb3 47. a5 Kb4 48. a6 Ka5 49. Kf2 h6 50. Ke3 Ra7 51. Rc7 Rxc7 52. dxc7 h5 53. c8Q Kb4 54. gxh5 Ka5 55. a7 Kb6 56. a8N+ Ka7 57. Qa6+ Kb8 58. Nb6 Kc7 59. h6 Kb8 60. h7 Kc7 1-0